000 00282nam a22001337a 4500
008 181217b xxu||||| |||| 00| 0 eng d
020 _a9780470475362
041 _aeng
080 _a004
100 _a28
101 _aSHK
245 _aExcel 2010
_cWalkenbach,J
942 _2udc
_cBK
999 _c53132
_d53132